| 000 | 01166cam a2200313 4500 | ||
|---|---|---|---|
| 001 | ABS61504 | ||
| 008 | 000000n1999 000 0 eng u | ||
| 035 | _a(Sirsi) u101686 | ||
| 100 | _aBerry, J. | ||
| 245 | 3 | _aAn assessment of property investment vehicles with particular reference to German funds | |
| 260 | _c1999 | ||
| 490 |
_aJournal of Property Investment and Finance _v17(5) 1999, 430-443(14) |
||
| 520 | _aConsiders property investment vehicles, contrasting REITS in the US with their equivalent in the UK. Goes on to evaluate German funds, and ends by suggesting a framework to explain the relationship between usage and the financing of properties. References. | ||
| 590 | _aABS | ||
| 650 | _aPROPERTY INVESTMENT VEHICLES | ||
| 650 | _aREITS | ||
| 650 | _aGERMANY | ||
| 650 | _aUNITED STATES | ||
| 650 | _aSURVEYS | ||
| 650 | _aRESEARCH | ||
| 650 | _aPROPERTY-COMMERCIAL PROPERTY | ||
| 650 | _aREAL ESTATE INVESTMENT | ||
| 650 | _aOPEN-ENDED FUNDS | ||
| 690 | _aPROPERTY-COMMERCIAL PROPERTY-COMMERCIAL PROPERTY FINANCE AND INVESTMENT | ||
| 700 | _aMcGreal, S. | ||
| 700 | _aSieracki, K. | ||
| 700 | _aSotelo, R. | ||
| 942 | _n0 | ||
| 999 |
_c60811 _d60811 |
||